|
|
|
|
| LEADER |
00000cam a22000002c 4500 |
| 001 |
1840066865 |
| 003 |
DE-627 |
| 005 |
20250624103225.0 |
| 007 |
cr uuu---uuuuu |
| 008 |
230324s2003 xx |||||o 00| ||eng c |
| 024 |
7 |
|
|a 10.3886/ICPSR03465.v1
|2 doi
|
| 035 |
|
|
|a (DE-627)1840066865
|
| 035 |
|
|
|a (DE-599)KXP1840066865
|
| 040 |
|
|
|a DE-627
|b ger
|c DE-627
|e rda
|
| 041 |
|
|
|a eng
|
| 084 |
|
|
|a 2,1
|2 ssgn
|
| 100 |
1 |
|
|a Oberly, James W.
|e VerfasserIn
|4 aut
|
| 245 |
1 |
0 |
|a Executions in the United States, 1608-1991: The Espy File (Instructional Materials)
|
| 264 |
|
1 |
|a [Erscheinungsort nicht ermittelbar]
|b [Verlag nicht ermittelbar]
|c 2003
|
| 336 |
|
|
|a Text
|b txt
|2 rdacontent
|
| 337 |
|
|
|a Computermedien
|b c
|2 rdamedia
|
| 338 |
|
|
|a Online-Ressource
|b cr
|2 rdacarrier
|
| 520 |
|
|
|a These instructional materials were prepared for use with EXECUTIONS IN THE UNITED STATES, 1608-1991: THE ESPY FILE (ICPSR 8451), compiled by M. Watt Espy and John Ortiz Smykla. The data file (an SPSS portable file) and accompanying documentation are provided to assist educators in instructing students about the history of capital punishment in the United States. An instructor's handout is also included. This handout contains the following sections, among others: (1) general goals for student analysis of quantitative datasets, (2) specific goals in studying this dataset, (3) suggested appropriate courses for use of the dataset, (4) tips for using the dataset, and (5) related secondary source readings. This dataset furnishes data on executions performed under civil authority in the United States between 1608 and April 24, 1991, and describes each individual executed and the circumstances surrounding the crime for which the person was convicted. Variables include age, race, name, sex, and occupation of the offender, place, jurisdiction, date, and method of execution, and the crime for which the offender was executed. Also recorded are data on whether the only evidence for the execution was official records indicating that an individual (executioner or slave owner) was compensated for an execution.
|
| 540 |
|
|
|a ICPSR Terms of Use
|
| 650 |
|
4 |
|a Capital Punishment
|
| 650 |
|
4 |
|a Civil Rights
|
| 650 |
|
4 |
|a Crime
|
| 650 |
|
4 |
|a CRIMINAL justice system
|
| 650 |
|
4 |
|a Executions
|
| 650 |
|
4 |
|a instructional materials
|
| 650 |
|
4 |
|a Offenders
|
| 650 |
|
4 |
|a Offenses
|
| 655 |
|
7 |
|a Forschungsdaten
|0 (DE-588)1098579690
|0 (DE-627)857755366
|0 (DE-576)469182156
|2 gnd-content
|
| 787 |
0 |
8 |
|i Forschungsdaten zu
|a Linders, Annulla
|t The Execution Spectacle and State Legitimacy: The Changing Nature of the American Execution Audience, 1833-1937
|d 2002
|w (DE-627)1912548518
|
| 856 |
4 |
0 |
|u https://doi.org/10.3886/ICPSR03465.v1
|x Resolving-System
|z kostenfrei
|3 Volltext
|7 0
|
| 935 |
|
|
|a mkri
|
| 951 |
|
|
|a BO
|
| ELC |
|
|
|a 1
|
| LOK |
|
|
|0 000 xxxxxcx a22 zn 4500
|
| LOK |
|
|
|0 001 4296814702
|
| LOK |
|
|
|0 003 DE-627
|
| LOK |
|
|
|0 004 1840066865
|
| LOK |
|
|
|0 005 20230324125338
|
| LOK |
|
|
|0 008 230324||||||||||||||||ger|||||||
|
| LOK |
|
|
|0 035
|a (DE-2619)ICPSR3465
|
| LOK |
|
|
|0 040
|a DE-2619
|c DE-627
|d DE-2619
|
| LOK |
|
|
|0 092
|o n
|
| LOK |
|
|
|0 852
|a DE-2619
|
| LOK |
|
|
|0 852 1
|9 00
|
| LOK |
|
|
|0 935
|a foda
|a nacj
|
| LOK |
|
|
|0 939
|a 24-03-23
|b l01
|
| OAS |
|
|
|a 1
|
| ORI |
|
|
|a SA-MARC-krimdoka001.raw
|